[Event "Olympiad Women 2024"]
[Site "Budapest HUN"]
[Date "2024.09.22"]
[Round "11.11"]
[Board "3"]
[White "Exler, Veronika"]
[Black "Hejazipour, Mitra"]
[Result "1/2-1/2"]
[WhiteElo "2176"]
[BlackElo "2327"]
[PlyCount "58"]
[EventDate "2024.09.11"]
[WhiteTeam "Austria"]
[BlackTeam "France"]
[WhiteTeamCountry "AUT"]
[BlackTeamCountry "FRA"]

1. e4 c5 2. c3 Nf6 3. e5 Nd5 4. d4 cxd4 5. Nf3 e6 6. cxd4 d6 7. Bc4 Be7 8. O-O O-O 9. Qe2 Nc6 10. Nc3 Nxc3 11. bxc3 dxe5 12. dxe5 Qc7 13. Bd3 b6 14. Re1 Bb7 15. Ng5 Bxg5 16. Bxg5 Ne7 17. Qh5 Nf5 18. g4 Qxc3 19. Qh3 $146 ({RR} 19. Rad1 g6 20. Qh3 Nd4 21. Re3 f5 22. exf6 Qc7 23. Be4 Bxe4 24. Rxe4 e5 25. Rdxd4 {1-0 Xylogiannopoulos,A (2194)-Csonka,A (2306) III Janos Rigo Mem IM 2024 (5.4)}) 19... Ba6 20. Rad1 h6 21. gxf5 hxg5 22. fxe6 Bxd3 23. exf7+ Rxf7 24. Qxd3 Qxd3 25. Rxd3 Re8 26. e6 Rfe7 27. Rd6 Kh7 28. Re3 Kg6 29. Ra3 Rxe6 1/2-1/2

[Event "Olympiad Women 2024"]
[Site "Budapest HUN"]
[Date "2024.09.22"]
[Round "11.11"]
[Board "4"]
[White "Benmesbah, Natacha"]
[Black "Schloffer, Jasmin-Denise"]
[Result "1/2-1/2"]
[WhiteElo "2258"]
[BlackElo "2168"]
[PlyCount "120"]
[EventDate "2024.09.11"]
[WhiteTeam "France"]
[BlackTeam "Austria"]
[WhiteTeamCountry "FRA"]
[BlackTeamCountry "AUT"]

1. e4 c6 2. d4 d5 3. Nc3 dxe4 4. Nxe4 Nf6 5. Nxf6+ exf6 6. c3 Bd6 7. Bd3 O-O 8. Qc2 Re8+ 9. Ne2 h5 10. O-O h4 11. h3 Nd7 12. Bd2 c5 ({RR} 12... Nf8 13. Rae1 Be6 14. f4 Qc7 15. f5 Bd7 16. c4 b6 17. b4 c5 18. dxc5 bxc5 19. b5 Nh7 20. Nc3 Ng5 21. Nd5 Bh2+ 22. Kh1 Qd6 23. Rd1 Be5 24. Bxg5 fxg5 25. f6 Bd4 26. Bh7+ Kh8 27. fxg7+ {1-0 Ivic,V (2582)-Bluebaum,M (2669) FIDE World Cup 2021 (3.1)}) ({RR} 12... Nf8 13. Rae1 Bc7 14. f4 g6 15. Kh1 f5 16. Ng1 Be6 17. Nf3 Nh7 18. Bc1 Nf6 19. Qf2 Nh5 20. Nxh4 Kg7 21. c4 b5 22. b3 bxc4 23. bxc4 Rb8 24. Re2 Rh8 25. Rfe1 Qf6 26. Re5 Bxe5 27. Rxe5 {0-1 Dushyant,S (2324)-Aitbayev,A (2380) 30th Abu Dhabi Masters 2024 (7.70)}) 13. Rae1 $146 ({RR} 13. Rfe1 cxd4 14. Nxd4 Ne5 15. Bh7+ Kh8 16. Qe4 Bg4 17. hxg4 g6 18. Bxg6 fxg6 19. Bf4 g5 20. Bxe5 Bxe5 21. Qxb7 Bxd4 22. cxd4 Qxd4 23. Qf7 Rxe1+ 24. Rxe1 Rc8 25. Re8+ Rxe8 26. Qxe8+ Kg7 27. Qe2 Kh6 {½-½ Smeets,K (1911)-Ratsma,M (2200) Utrecht Keres Memorial 2022 (6)}) 13... Nf8 14. d5 Bd7 15. c4 Qc8 16. Nf4 Qc7 17. Nh5 Re5 18. Qd1 Rxe1 19. Rxe1 Be5 20. Qc1 Re8 21. Kf1 g6 22. Nf4 Qc8 23. Be4 b5 24. Nd3 Bd4 25. b3 bxc4 26. bxc4 Bxh3 27. Nf4 Bd7 28. Bd3 Rxe1+ 29. Qxe1 h3 30. g3 Bf5 31. Kg1 Bxd3 32. Nxd3 Qg4 33. Kh2 Qf3 34. Qf1 g5 35. Kxh3 Ng6 36. Ne1 Qh5+ 37. Kg2 Ne5 38. f3 g4 39. fxg4 Qxg4 40. Nf3 Qe4 41. Bf4 Qc2+ 42. Kh3 Qxc4 43. Qxc4 Nxc4 44. Kg4 Ne5+ 45. Bxe5 fxe5 46. Nd2 Kf8 47. Kf5 Ke7 48. Nc4 f6 49. g4 Kd7 50. Ke4 Bc3 51. Kd3 Bd4 52. Nd2 Kd6 53. Kc4 a6 54. Ne4+ Ke7 55. Kd3 Bg1 56. Nd2 Kd6 57. Ke4 Bd4 58. Nc4+ Kd7 59. Kf5 Ke7 60. Ke4 Kd7 1/2-1/2

[Event "Olympiad Women 2024"]
[Site "Budapest HUN"]
[Date "2024.09.22"]
[Round "11.12"]
[Board "1"]
[White "Borosova, Zuzana"]
[Black "Roebers, Eline"]
[Result "0-1"]
[WhiteElo "2205"]
[BlackElo "2340"]
[PlyCount "118"]
[EventDate "2024.09.11"]
[WhiteTeam "Slovakia"]
[BlackTeam "Netherlands"]
[WhiteTeamCountry "SVK"]
[BlackTeamCountry "NED"]

1. e4 e6 2. d4 d5 3. Nc3 Bb4 4. exd5 exd5 5. Bd3 Nf6 6. Nge2 O-O 7. O-O Re8 8. a3 ({RR} 8. Bf4 c6 9. Ng3 Nbd7 10. Re1 Nf8 11. Rxe8 Nxe8 12. Qf3 Bd6 13. Re1 Bxf4 14. Qxf4 Be6 15. Nd1 Qa5 16. Nc3 Nf6 17. h3 Re8 18. Qd2 Qb6 19. Na4 Qc7 20. Nc5 Bc8 21. Bf5 Bxf5 22. Nxf5 Rxe1+ {½-½ Martinez Alcantara,J (2620)-Nepomniachtchi,I (2784) Speed Chess Super Swiss blitz 2020 (10)}) 8... Bf8 ({RR} 8... Be7 9. Bf4 c6 10. Qd2 Nbd7 11. Ng3 g6 12. Rae1 Nf8 13. h3 h5 14. Nge2 N6h7 15. Nd1 Ne6 16. Be5 Bf8 17. Ne3 Nc5 18. Nf4 Ne4 19. Qd1 Qg5 20. Nexd5 cxd5 21. Nxd5 Nd2 22. h4 Qd8 23. Nc7 {0-1 Stefansson,V (2459)-Ramsdal,J (2376) SonFlow Cup 2024 (1.1)}) 9. Bg5 c6 10. h3 a5 $146 ({RR} 10... h6 11. Bf4 Bd6 12. Bxd6 Qxd6 13. Ng3 g6 14. Qd2 Kg7 15. Rae1 Rxe1 16. Rxe1 Nbd7 17. Qe3 Nf8 18. Nce2 Bd7 19. f4 Re8 20. Qf2 {½-½ Fischer,O (1867)-Voulon,O (2021) Mittelrhein Verbandsliga-W 15/16 2015 (7.2)}) 11. Ng3 g6 12. Qd2 Bg7 13. Rae1 Rxe1 14. Rxe1 Nbd7 15. Bh6 Nf8 16. Bxg7 Kxg7 17. Nce2 Bd7 18. f4 Qc7 19. f5 Re8 20. Rf1 b6 21. fxg6 hxg6 22. Rf4 Qd8 23. Rh4 Ng8 24. Rf4 Ne6 25. Rf3 Qh4 26. c3 Ng5 27. Rf4 Qh6 28. Qc1 f5 29. Rf1 Ne4 30. Qxh6+ Nxh6 31. Rd1 g5 32. Nf1 Nf7 33. Nh2 Ned6 34. Nf3 c5 35. Ng3 c4 36. Bc2 Ne4 37. Nf1 b5 38. N3d2 Ned6 39. Kf2 Rb8 40. Ne3 Be6 41. Ra1 Kf6 42. Kf3 Ne4 43. Ke2 Nfd6 44. Nd1 f4 45. Nf3 Bf5 46. Bxe4 dxe4 47. Ne5 e3 48. a4 b4 49. cxb4 Rxb4 50. Rc1 Be4 51. g3 Nf5 52. gxf4 gxf4 53. Ng4+ Ke6 54. d5+ Bxd5 55. Ke1 Be4 56. Rc3 Bd3 57. b3 Nd4 58. Ngxe3 fxe3 59. Nxe3 Rxb3 0-1

[Event "Olympiad Women 2024"]
[Site "Budapest HUN"]
[Date "2024.09.22"]
[Round "11.12"]
[Board "2"]
[White "Peng, Zhaoqin"]
[Black "Repkova, Eva"]
[Result "1-0"]
[WhiteElo "2349"]
[BlackElo "2319"]
[PlyCount "69"]
[EventDate "2024.09.11"]
[WhiteTeam "Netherlands"]
[BlackTeam "Slovakia"]
[WhiteTeamCountry "NED"]
[BlackTeamCountry "SVK"]

1. Nf3 d5 2. d4 Nf6 3. c4 e6 4. Nc3 a6 5. cxd5 exd5 6. Bg5 Be7 7. e3 c6 8. Qc2 h6 9. Bh4 O-O 10. Bd3 Re8 11. O-O Ne4 ({RR} 11... Nbd7 12. Ne5 Nxe5 13. dxe5 Ng4 14. Bg3 Bh4 15. Bh7+ Kh8 16. Bf5 Bxg3 17. Bxg4 Bxe5 18. Bf3 Qf6 19. Rad1 Bf5 20. Qb3 Rab8 21. Rfe1 Qh4 22. g3 Qf6 23. Bg2 Bg4 24. Rd2 d4 25. exd4 Bxd4 26. Red1 {0-1 Matveeva,O (2100)-Barak,G (2153) Titled Tue 21st May Early 2024 (4)}) 12. Bxe4 Bxh4 13. Bh7+ Kh8 14. Ne5 $146 ({RR} 14. Bf5 Be7 15. Ne5 Rf8 16. Bxc8 Qxc8 17. Na4 Bd8 18. Nc5 Bc7 19. f4 Bxe5 20. fxe5 Nd7 21. Nd3 Nb6 22. b3 a5 23. a4 Qd8 24. Rf3 Nc8 25. Raf1 Kg8 26. Qf2 Qd7 27. Nc5 Qe7 28. Qg3 b6 {1-0 Vilela de Acuna,J (2329)-Kajganic,F (1899) Cappelle Online Blitz op 2022 (4)}) ({RR} 14. Bf5 Bxf5 15. Qxf5 Bf6 16. Rfc1 Nd7 17. Ne2 Nb6 18. Nf4 g6 19. Qc2 Qe7 20. Nd3 Nc4 21. a4 Kg7 22. b3 Nd6 23. Rab1 h5 24. Re1 Qe4 25. Rbc1 Bd8 26. Nc5 Qxc2 27. Rxc2 f6 28. h4 {½-½ Nguyen,H (2019)-Bao,K (2268) VIE-ch Tinh Bac Giang 2022 (3)}) 14... Rf8 15. Bd3 Nd7 16. f4 Nxe5 17. fxe5 Be6 18. Ne2 Qd7 19. Nf4 Bg4 20. h3 Be6 21. Rf3 Bg5 22. Raf1 Rae8 23. Ng6+ Kg8 24. Nxf8 Rxf8 25. Qf2 c5 26. Bf5 Bxf5 27. Rxf5 g6 28. Rf3 h5 29. h4 Bd8 30. Rf4 Qe6 31. Qf3 cxd4 32. exd4 Bb6 33. Kh1 Qd7 34. Rf6 Qd8 35. Qf4 1-0

[Event "Olympiad Women 2024"]
[Site "Budapest HUN"]
[Date "2024.09.22"]
[Round "11.12"]
[Board "3"]
[White "Mrvova, Alena"]
[Black "Van Foreest, Machteld"]
[Result "0-1"]
[WhiteElo "2121"]
[BlackElo "2224"]
[PlyCount "110"]
[EventDate "2024.09.11"]
[WhiteTeam "Slovakia"]
[BlackTeam "Netherlands"]
[WhiteTeamCountry "SVK"]
[BlackTeamCountry "NED"]

1. e4 c5 2. Nf3 e6 3. d3 Nf6 4. g3 d5 5. Nbd2 Be7 6. Bg2 O-O 7. O-O Nc6 8. Qe2 b5 9. exd5 ({RR} 9. e5 Nd7 10. c3 a5 11. Re1 b4 12. Nf1 a4 13. c4 Nb6 14. Be3 Ba6 15. b3 Ra7 16. h4 Rd7 17. Qc2 Qc7 18. Bf4 Rfd8 19. Rad1 Bb7 20. Qb1 Ra8 21. h5 h6 22. N1h2 dxc4 {½-½ Orlov,A (2364)-Kunte,A (2568) Dortmund op-A 2001 (9)}) ({RR} 9. e5 Nd7 10. c3 Qc7 11. Re1 Bb7 12. h4 Rfc8 13. h5 h6 14. Nf1 Qd8 15. g4 a5 16. Bf4 b4 17. c4 Nb6 18. b3 a4 19. Ne3 axb3 20. axb3 Rxa1 21. Rxa1 dxc4 22. dxc4 Nd4 23. Nxd4 Qxd4 {0-1 Piesik,P (2426)-Ronka,E (2300) Titled Tue 13th Feb Early 2024 (11)}) 9... exd5 10. d4 c4 11. c3 Bf5 $146 ({RR} 11... Bg4 12. h3 Bh5 13. g4 Bg6 14. Ne5 Nxe5 15. dxe5 Bd3 16. Qe3 Nd7 17. Re1 Nc5 18. Qd4 Ne6 19. Qxd5 Qb6 20. Qc6 Qa5 21. Qd7 Bh4 22. Bxa8 Qb6 23. Ne4 Bxe4 24. Be3 Nc5 25. Bxe4 Nxd7 26. Bxb6 {1-0 Rams,M (2175)-Klykow,L (2195) POL-chT 2nd League 2004 (4)}) 12. Re1 Bd3 13. Qd1 Qb6 14. h3 Rfe8 15. Re3 Bd6 16. Rxd3 cxd3 17. Nf1 b4 18. Qxd3 Rac8 19. Ne3 bxc3 20. bxc3 Na5 21. Rb1 Qc6 22. Rb5 Nc4 23. Rb3 Nxe3 24. Bxe3 a5 25. Qb1 Ne4 26. Ng5 Nf6 27. Bf1 Re7 28. a4 h6 29. Nf3 Ne4 30. Nh4 Nxc3 31. Qf5 Bxg3 32. Rb6 Qc7 33. Ng2 Bh2+ 34. Kh1 Ne4 35. Ra6 Bd6 36. Bd3 Qd7 37. Bxe4 dxe4 38. Rxa5 Qxf5 39. Rd5 Qe5 40. Rxe5 Ra8 41. Rd5 Bb4 42. Nf4 Rxa4 43. Rd8+ Kh7 44. Nd5 Re6 45. Bf4 Be1 46. Be3 Ra2 47. Rd7 Bxf2 48. Rxf7 Bxe3 49. Nxe3 Rb6 50. Rf1 Re2 51. Ng2 Rbb2 52. Rg1 Rbd2 53. d5 Rf2 54. Kh2 Rxd5 55. Kg3 Rf3+ 0-1

[Event "Olympiad Women 2024"]
[Site "Budapest HUN"]
[Date "2024.09.22"]
[Round "11.12"]
[Board "4"]
[White "Bensdorp-De Labaca, Marlies"]
[Black "Bochnickova, Simona"]
[Result "1-0"]
[WhiteElo "2241"]
[BlackElo "2138"]
[PlyCount "67"]
[EventDate "2024.09.11"]
[WhiteTeam "Netherlands"]
[BlackTeam "Slovakia"]
[WhiteTeamCountry "NED"]
[BlackTeamCountry "SVK"]

1. d4 Nf6 2. c4 e6 3. Nc3 Bb4 4. Bd2 O-O 5. Nf3 d5 6. e3 b6 7. a3 Bxc3 8. Bxc3 Ne4 9. Rc1 Bb7 10. Bd3 dxc4 11. Bxc4 Nxc3 $146 ({RR} 11... Nd7 12. O-O Nxc3 13. Rxc3 Rc8 14. Bb5 c6 15. Bd3 c5 16. Bb1 a6 17. Qe2 Qf6 18. Rfc1 e5 19. dxc5 Rxc5 20. Rxc5 Nxc5 21. b4 Ne6 22. Ba2 Ng5 23. Nd2 Rc8 24. Rxc8+ Bxc8 25. Bd5 Be6 26. e4 {1-0 Muckle,J (2129)-Grobe,D (1993) Rheinland Pfalz op 7th 2015 (5)}) 12. Rxc3 Qf6 13. Be2 Na6 14. Qa4 Qg6 15. O-O e5 16. Rfc1 Rae8 17. Bd3 e4 18. Nh4 Qg4 19. Bxa6 Bd5 20. g3 Re6 21. Qd1 Qg5 22. Ng2 Rh6 23. h4 Qf5 24. Rxc7 g5 25. h5 Qh3 26. Bf1 Qe6 27. Rxa7 f5 28. Rcc7 Kh8 29. Be2 Qf6 30. Qc1 Bf7 31. d5 Bxh5 32. Bxh5 Rxh5 33. Qc3 Qxc3 34. bxc3 1-0

[Event "Olympiad Women 2024"]
[Site "Budapest HUN"]
[Date "2024.09.22"]
[Round "11.13"]
[Board "1"]
[White "Munkhzul, Turmunkh"]
[Black "Cramling, Pia"]
[Result "1/2-1/2"]
[WhiteElo "2256"]
[BlackElo "2425"]
[PlyCount "54"]
[EventDate "2024.09.11"]
[WhiteTeam "Mongolia"]
[BlackTeam "Sweden"]
[WhiteTeamCountry "MGL"]
[BlackTeamCountry "SWE"]

1. e4 c5 2. Nf3 e6 3. d4 cxd4 4. Nxd4 a6 5. Bd3 Bc5 6. Nb3 Ba7 7. Qe2 d6 8. Be3 Nc6 9. c4 Nf6 10. Nc3 O-O 11. Bxa7 Rxa7 12. O-O e5 13. Rfd1 Be6 14. Qe3 Ra8 ({RR} 14... Qb8 15. Rac1 b6 16. h3 Nd7 17. Na1 Nc5 18. Nc2 a5 19. Na3 Rd7 20. Nab5 g6 21. Be2 Ne7 22. b3 f5 23. Bf3 f4 24. Qe2 h5 25. Rd2 Kg7 26. Qd1 Rfd8 27. a3 Kh6 28. b4 Na6 29. Nd5 {1-0 Saric,I (2687)-Nagy,G (2507) Bundesliga 2122 2022 (8.2)}) 15. Be2 Rc8 ({RR} 15... Qe7 16. Nd5 Bxd5 17. exd5 Nb8 18. c5 Rc8 19. Rac1 Nbd7 20. c6 bxc6 21. Rxc6 Nf8 22. Na5 Rxc6 23. Nxc6 Qb7 24. Qa3 Ng6 25. g3 Qb6 26. Qxd6 Qxb2 27. Bd3 Qxa2 28. Rb1 h5 29. Ne7+ Kh7 30. Nxg6 {½-½ Manakova,M (2206)-Dristellas,N (1885) Int ch-Central SRB 2024 (5.6)}) 16. Rac1 Na5 $146 ({RR} 16... Kh8 17. h3 Rg8 18. Rd2 Qf8 19. Rcd1 Rd8 {½-½ Semenova,I (2243)-Nemcova,K (2287) Cesky Krumlov op 4th 2010 (9)}) 17. Nxa5 Qxa5 18. b3 Rfd8 19. a4 Qb4 20. Rb1 Nd7 21. Na2 Qa3 22. Rd2 Nc5 23. Nc3 Qb4 24. Na2 Qa3 25. Nc3 Qb4 26. Na2 Qa3 27. Nc3 Qb4 1/2-1/2

[Event "Olympiad Women 2024"]
[Site "Budapest HUN"]
[Date "2024.09.22"]
[Round "11.13"]
[Board "2"]
[White "Agrest, Inna"]
[Black "Nomin-Erdene, Davaademberel"]
[Result "0-1"]
[WhiteElo "2197"]
[BlackElo "2319"]
[PlyCount "160"]
[EventDate "2024.09.11"]
[WhiteTeam "Sweden"]
[BlackTeam "Mongolia"]
[WhiteTeamCountry "SWE"]
[BlackTeamCountry "MGL"]

1. e4 e5 2. Nf3 Nc6 3. Bb5 a6 4. Ba4 Nf6 5. d3 d6 6. c3 g6 7. O-O Bg7 8. Re1 O-O 9. Nbd2 b5 10. Bc2 Bb7 11. a4 Re8 12. Nf1 ({RR} 12. b4 h6 13. Nf1 Nb8 14. axb5 axb5 15. Rxa8 Bxa8 16. Ng3 Nbd7 17. Be3 c5 18. Qb1 c4 19. dxc4 bxc4 20. Qc1 Kh7 21. h3 Qc7 22. Nh2 d5 23. exd5 Nxd5 24. Ng4 Nxe3 25. Rxe3 f5 26. Nxf5 gxf5 {½-½ Yu Yangyi (2720)-Maghsoodloo,P (2725) TCh-TUR Super League 2024 (5.7)}) 12... d5 ({RR} 12... h6 13. Ng3 d5 14. Nd2 dxe4 15. dxe4 Qe7 16. Qe2 b4 17. Nb3 a5 18. Be3 Ba6 19. Qf3 Nd7 20. Rad1 Bc4 21. Rd2 Rab8 22. Nc1 bxc3 23. bxc3 Nc5 24. Red1 Be6 25. Nf5 gxf5 26. exf5 e4 27. Qh5 {½-½ Agrest,I (2189)-Hansson,F (1985) Rilton Cup 41st 2011 (5)}) 13. Bg5 Qd7 $146 ({RR} 13... dxe4 14. dxe4 Qxd1 15. Raxd1 Na5 16. Bxf6 Bxf6 17. Ne3 c5 18. Nd5 Bd8 19. Nd2 c4 {½-½ Eggleston,T (2166)-Mannion,S (2359) Hawick op 2005 (1)}) ({RR} 13... h6 14. Bxf6 Bxf6 15. Ne3 d4 16. Nd5 Bg7 17. a5 dxc3 18. bxc3 Nxa5 19. Nb4 c5 20. Nd5 c4 21. Nb4 cxd3 22. Qxd3 Nc4 23. Qe2 Qc7 24. Red1 Nb6 25. Ra3 a5 26. Na2 Nc4 27. Rb3 Ba6 28. Bd3 {0-1 Adu,O (2273)-Amin,B (2633) Abidjan rapid 2018 (5)}) ({RR} 13... h6 14. Bxf6 Bxf6 15. axb5 axb5 16. Rxa8 Bxa8 17. exd5 Qxd5 18. d4 Rd8 19. Bb3 Qd7 20. Qc2 e4 21. Qxe4 Kg7 22. Qf4 Na5 23. Ba2 Qd6 24. Ne5 Nc4 25. Bxc4 bxc4 26. Ne3 Re8 27. N3g4 {1-0 Nyzhnyk,I (2428)-Kanarek,M (2349) Moscow Dvorkovich Cup U16 3rd 2008 (3)}) 14. N3d2 d4 15. Nb3 Qd6 16. Qc1 Nd7 17. Bd1 f6 18. Bd2 Bf8 19. h4 Nb6 20. a5 Nd7 21. h5 Nd8 22. c4 c5 23. cxb5 axb5 24. a6 Bxa6 25. Na5 Rc8 26. hxg6 hxg6 27. b3 Re7 28. Bg4 Ne6 29. Qd1 Rh7 30. Qf3 Be7 31. Rec1 Ndf8 32. Ra2 Bd8 33. Rca1 Ra8 34. Qd1 Nc7 35. b4 c4 36. dxc4 bxc4 37. Nxc4 Bxc4 38. Rxa8 Nxa8 39. Rxa8 Rb7 40. Qa4 Bf7 41. Rc8 Rb8 42. Rc6 Qe7 43. Ra6 Qe8 44. Qc2 Bb6 45. Qd3 Qc6 46. Qf3 Bc4 47. Ra1 f5 48. exf5 Qxf3 49. gxf3 Bd5 50. Ng3 Kf7 51. Re1 Bc7 52. Ne4 gxf5 53. Bxf5 Ne6 54. Rc1 Bb6 55. Bg4 Rg8 56. Ng3 Ng5 57. Kg2 Ne6 58. Kf1 Rh8 59. Kg1 Rg8 60. Kf1 Ra8 61. Bh5+ Ke7 62. Bg4 Ra2 63. Ke1 d3 64. Nf5+ Kf6 65. Ne3 Bb7 66. Nc4 Bd4 67. Nd6 Bd5 68. Ne4+ Bxe4 69. fxe4 Nf4 70. Rc6+ Kg5 71. f3 Kh4 72. Kd1 Ng2 73. Rh6+ Kg3 74. Rc6 Ne3+ 75. Ke1 Nc2+ 76. Rxc2 Rxc2 77. Kd1 Ra2 78. Be1+ Kf4 79. Bd2+ Be3 80. Bc3 Rc2 0-1

[Event "Olympiad Women 2024"]
[Site "Budapest HUN"]
[Date "2024.09.22"]
[Round "11.13"]
[Board "3"]
[White "Khuslen, Erdenebayar"]
[Black "Cramling Bellon, Anna"]
[Result "1-0"]
[WhiteElo "2229"]
[BlackElo "2066"]
[PlyCount "93"]
[EventDate "2024.09.11"]
[WhiteTeam "Mongolia"]
[BlackTeam "Sweden"]
[WhiteTeamCountry "MGL"]
[BlackTeamCountry "SWE"]

1. d4 d5 2. c4 e6 3. Nc3 Nf6 4. cxd5 exd5 5. Bg5 c6 6. e3 Bd6 7. Bd3 O-O 8. Qc2 h6 9. Bh4 Re8 10. Nf3 Be6 11. Ne5 c5 12. O-O cxd4 ({RR} 12... Nc6 13. Nxc6 bxc6 14. Bg3 cxd4 15. exd4 Bxg3 16. hxg3 Ng4 17. Be2 Qg5 18. Bxg4 Qxg4 19. Qd2 c5 20. dxc5 d4 21. Nb5 Bc4 22. Nc7 Bxf1 23. Rxf1 Re2 24. Qd1 Rc8 25. f3 Qxg3 26. Qxe2 Qxc7 27. b4 {1-0 Leenhouts,K (2454)-Schippers,M (2263) ch-NED Qualification 2024 (10.2)}) 13. exd4 Nc6 14. Nxc6 bxc6 15. h3 $146 ({RR} 15. Bg3 Bxg3 16. hxg3 Ng4 17. Qd2 Qa5 18. Ne4 Qxd2 19. Nxd2 Reb8 20. Nb3 a5 21. Rab1 Rb4 22. Rfd1 Kf8 23. Bc2 Ke7 24. a3 Rb6 25. Nc5 Kd6 26. Re1 Nf6 27. f3 Nd7 28. Na4 Rb7 29. Rbc1 Rab8 {½-½ De Haan,E (2301)-Zwirs,N (2420) BEL-chT 1920 2019 (8.5)}) ({RR} 15. Bg3 Nh5 16. Na4 Nxg3 17. hxg3 Rc8 18. Rfe1 Qf6 19. Rad1 Bg4 20. Rxe8+ Rxe8 21. Qxc6 Rc8 22. Qa6 Bxg3 23. fxg3 Qxa6 24. Bxa6 Bxd1 25. Bxc8 Bxa4 26. Bb7 Kf8 27. Bxd5 Ke7 28. Kf2 f5 29. Ke3 g5 {½-½ Nakamura,H (2787)-Kramnik,V (2812) Paris GCT blitz 2016 (4)}) ({RR} 15. f4 g5 16. fxg5 Ng4 17. Qd2 Bxh2+ 18. Kh1 Bc7 19. g3 hxg5 20. Bxg5 Qd7 21. Bf6 Nxf6 22. Qg5+ Kf8 23. Qh6+ Ke7 24. Qxf6+ Kd6 25. Qe5+ Ke7 26. Qf6+ Kd6 {½-½ Van der Werf,M (2396)-Zwirs,N (2420) NED-chT 1920 2019 (4.8)}) 15... g5 16. Bg3 Nh5 17. Ne2 Nf4 18. Kh2 Kh8 19. Ng1 Rc8 20. Rad1 Qf6 21. Bxf4 Bxf4+ 22. g3 Bd6 23. Kg2 h5 24. Rd2 c5 25. dxc5 Rxc5 26. Qd1 g4 27. hxg4 hxg4 28. Be2 Qg6 29. Qa4 Re7 30. Qd4+ f6 31. Bd3 Qh6 32. Re2 Rcc7 33. Rxe6 Rxe6 34. Qxg4 Ree7 35. Nf3 Qg7 36. Qh5+ Kg8 37. Qxd5+ Qf7 38. Qxd6 Rcd7 39. Qb8+ Re8 40. Qb5 Kg7 41. Qf5 Rh8 42. Rc1 Rdd8 43. Rc6 Rh5 44. Qg4+ Kh6 45. Qf4+ Kg7 46. Rc7 Rxd3 47. Qg4+ 1-0

[Event "Olympiad Women 2024"]
[Site "Budapest HUN"]
[Date "2024.09.22"]
[Round "11.13"]
[Board "4"]
[White "Valcu, Lavinia"]
[Black "Mungunzul, Bat-Erdene"]
[Result "0-1"]
[WhiteElo "2076"]
[BlackElo "2224"]
[PlyCount "64"]
[EventDate "2024.09.11"]
[WhiteTeam "Sweden"]
[BlackTeam "Mongolia"]
[WhiteTeamCountry "SWE"]
[BlackTeamCountry "MGL"]

1. d4 d5 2. c4 e6 3. Nc3 c6 4. Nf3 dxc4 5. a4 Bb4 6. e3 b5 7. Bd2 a5 8. axb5 Bxc3 9. Bxc3 cxb5 10. b3 Bb7 11. bxc4 b4 12. Bd2 Nf6 13. Bd3 O-O 14. Qb1 ({RR} 14. O-O Nbd7 15. Qc2 Qc7 16. Ng5 h6 17. Nh7 Rfc8 18. Nxf6+ Nxf6 19. f3 e5 20. Qb2 Rd8 21. Be1 exd4 22. exd4 Nh5 23. g3 Nf6 24. Bd2 Qd6 25. Be3 a4 26. d5 b3 27. Ra3 Bxd5 28. cxd5 Nxd5 {0-1 Xu,Y (2523)-Wen,Y (2614) CHN-chT China 2016 (6.3)}) ({RR} 14. O-O Nbd7 15. c5 Nxc5 16. Bxh7+ Nxh7 17. dxc5 Qc7 18. Qc2 Bxf3 19. gxf3 Qc6 20. Kg2 Nf6 21. Rfc1 Rfb8 22. Qa4 Qd5 23. Be1 Qg5+ 24. Kf1 Qh5 25. Kg2 Nd5 26. c6 Nc7 27. Rc4 b3 28. Bc3 b2 {0-1 Rodriguez Santiago,J (2042)-Rueda Ahumada,G (1866) 17th American Cont Blitz 2024 (4.72)}) 14... Nbd7 15. h4 $146 ({RR} 15. O-O Qc7 16. Rc1 e5 17. Ne1 Rfe8 18. f3 Qb6 19. Nc2 Bc6 20. Qb2 b3 21. Na3 a4 22. c5 Qb8 23. Nc4 exd4 24. exd4 Nd5 25. Nd6 Re6 26. Kf2 N7f6 27. Bc4 h6 28. g3 Ne8 29. Ne4 Re7 {0-1 Hermanov,A (2268)-Heurtebize,O (2279) Lvov 2003 (7)}) ({RR} 15. e4 e5 16. d5 Re8 17. O-O Nc5 18. Be3 Qb6 19. Qd1 Nfd7 20. Qe2 a4 21. Rfb1 Rec8 22. Ne1 b3 23. Qb2 Qa6 24. Ra3 Nxd3 25. Nxd3 Qxc4 26. Nxe5 Qxe4 27. Nf3 Rc2 28. Qa1 Bxd5 29. Bd4 Qg6 {0-1 Akbalin (1790)-Volkov,S (2510) Aktobe Dvorkovich op 2022 (1)}) ({RR} 15. O-O Qc7 16. Ne1 e5 17. f3 Rfe8 18. Qc1 Qd6 19. c5 Qe6 20. Bb5 Bc6 21. Bc4 Bd5 22. Bxd5 Qxd5 23. e4 Qc6 24. Be3 exd4 25. Bxd4 Qb5 26. Rf2 Rec8 27. Qg5 h6 28. Qf5 Ne8 29. Rd1 Nf8 {0-1 Suder,J (2085)-Niedbala,B (2381) POL-ch U16 Szklarska Poreba 2020 (3)}) 15... Re8 16. Ng5 Nf8 17. Rh3 h6 18. Nf3 N8d7 19. Rg3 e5 20. dxe5 Nxe5 21. Nxe5 Rxe5 22. Bc3 bxc3 23. Qxb7 Rb8 24. Qa7 Re7 25. Qa6 Nh5 26. Qxh6 Qxd3 27. Qxh5 c2 28. Rxg7+ Kxg7 29. Qg5+ Qg6 30. Qxe7 Rb1+ 31. Ke2 c1=Q 32. Qe5+ Kh7 0-1

[Event "Olympiad Women 2024"]
[Site "Budapest HUN"]
[Date "2024.09.22"]
[Round "11.14"]
[Board "1"]
[White "Dolgova, Olga"]
[Black "Kosteniuk, Alexandra"]
[Result "1/2-1/2"]
[WhiteElo "2171"]
[BlackElo "2483"]
[PlyCount "86"]
[EventDate "2024.09.11"]
[WhiteTeam "Norway"]
[BlackTeam "Switzerland"]
[WhiteTeamCountry "NOR"]
[BlackTeamCountry "SUI"]

1. d4 Nf6 2. Bf4 e6 3. e3 b6 4. Qf3 Nc6 5. c3 Bb7 6. e4 ({RR} 6. Nd2 Be7 7. h4 O-O 8. h5 Nd5 9. Bh2 f5 10. Bd3 Nf6 11. Qh3 Bd6 12. Ne2 Bxh2 13. Qxh2 Ne7 14. h6 g6 15. O-O-O c5 16. Kb1 cxd4 17. exd4 Rb8 18. f3 b5 19. Qd6 Ba8 20. Nb3 Rb6 {½-½ Grischuk,A (2708)-Caruana,F (2796) Crunchlabs Play-In Match D1 2024 (1.2)}) 6... d6 $146 ({RR} 6... Ne7 7. Bd3 Ng6 8. Bg3 d6 9. Ne2 Be7 10. O-O h5 11. h3 h4 12. Bh2 Qd7 13. a4 a6 14. Re1 e5 15. Nd2 Rh5 16. Qe3 Kf8 17. f4 exf4 18. Nxf4 Nxf4 19. Bxf4 Re8 20. Rf1 Kg8 21. Qe2 {1-0 Saraci,N (2488)-Landaw,J (2318) Titled Tuesday intern op 01st Mar Late blitz 2022 (10)}) ({RR} 6... Ne7 7. Nd2 Ng6 8. Bg3 c5 9. Bd3 cxd4 10. cxd4 Bb4 11. O-O-O b5 12. Kb1 Qa5 13. Nb3 Qb6 14. Rc1 O-O 15. Bc7 Qa6 16. Qe2 Rac8 17. Nh3 Ba8 18. f3 Qb7 19. Na5 Bxa5 20. Bxa5 a6 21. a4 {½-½ Jugelt,T (2409)-Svidler,P (2731) Bundesliga 1011 2010 (15.2)}) ({RR} 6... Ne7 7. Nd2 Ng6 8. Bg3 c5 9. Bd3 cxd4 10. cxd4 Bb4 11. O-O-O Rc8+ 12. Kb1 Bxd2 13. Rxd2 d5 14. e5 Ne4 15. Rd1 O-O 16. Qe3 Ne7 17. f3 Nf5 18. Qe1 Nexg3 19. hxg3 h6 20. Qf2 Qg5 21. Ne2 {1-0 Jugelt,T (2394)-Hottes,D (2161) Boeblingen op 25th 2008 (3)}) 7. Bg5 h6 8. Be3 Ne7 9. Bb5+ c6 10. Bd3 Qc7 11. Nd2 Ng6 12. Qe2 e5 13. Ngf3 Be7 14. c4 Ng4 15. d5 Nxe3 16. fxe3 O-O 17. g4 Bc8 18. h3 a6 19. Kf2 cxd5 20. cxd5 b5 21. Rag1 Qd8 22. Nf1 Nh4 23. N3d2 g6 24. Ng3 Kh8 25. Rf1 Bd7 26. Kg1 Rc8 27. Kh2 Bg5 28. Nf3 Nxf3+ 29. Rxf3 Rc7 30. Rhf1 Kg7 31. Kg2 Bh4 32. Qd2 Bc8 33. Kh2 Bd7 34. Kg2 Be8 35. Kh2 Rh8 36. Qe2 Qc8 37. Rg1 a5 38. Qd2 b4 39. Rg2 h5 40. g5 Bd7 41. Rg1 Bxg3+ 42. Rfxg3 Bb5 43. R3g2 Bxd3 1/2-1/2